Copsla ecoop' 90

保存先:
書誌詳細
フォーマット: 図書
出版事項: 1990
タグ: タグ追加
タグなし, このレコードへの初めてのタグを付けませんか!
Thư viện lưu trữ: Mạng thư viện Đại học Đà Nẵng
LEADER 00418nam a22001811a 4500
001 000038019
003 14314
005 20160412021213.0
008 160412s1990 000
082 |a 4A(07)1535 
245 |a Copsla ecoop' 90  |c Norman 
260 |c 1990 
OWN |a LNN 
999 |a From the UDN01 
TYP |a Monograph 
980 |a Mạng thư viện Đại học Đà Nẵng